Paroles - Le garçon qui rêve, Indochine - Statistiques

Statistiques générales
  • Ce quiz a été pris 18 fois
  • Le résultat moyen est 125 sur 179
Statistiques - réponses
Réponse % Correct
de
100%
et
100%
Et
100%
le
100%
les
100%
Tous
100%
tous
100%
étions
91%
la
91%
ma
91%
Nous
91%
oiseaux
91%
se
91%
beaux
82%
des
82%
A
82%
Je
82%
que
82%
qui
82%
Sur
82%
sur
82%
Un
82%
Comme
73%
dans
73%
Dans
73%
devant
73%
garçon
73%
me
73%
ne
73%
notre
73%
nuit
73%
par
73%
ton
73%
Toutes
73%
Tu
73%
tu
73%
ciel
64%
corps
64%
endormis
64%
fort
64%
là-haut
64%
magie
64%
moi
64%
nuits
64%
on
64%
pas
64%
pays
64%
Pourquoi
64%
pourquoi
64%
rêve
64%
suis
64%
survoler
64%
toi
64%
cacher
55%
cerveaux
55%
Crochet
55%
crois
55%
Est-ce
55%
est-ce
55%
fée
55%
jour
55%
l'éternel
55%
Main
55%
main
55%
m'embrasses
55%
nuages
55%
n'y
55%
oh !
55%
oui
55%
pendu
55%
plomb
55%
pont
55%
rester
55%
saura
55%
sauras
55%
seras
55%
Silence
55%
Sous
55%
villages
55%
voix
55%
voudras
55%
bruits
45%
enchanté
45%
feras
45%
Garçons
45%
indiens
45%
m'accrocher
45%
perdus
45%
plages
45%
pourras
45%
sirènes
45%
aimeras
36%
Contre
36%
orages
36%
penses
36%
vents
36%
n'aimer
27%
S'écartent
18%
Aucun quiz correspondant
Distribution des résultats
% des personnes avec chaque résultat
Percentile par nombre de réponses
Votre historique - résultats
Vous n’avez pas pris ce quiz